| 000 | 00440nam a22001697a 4500 | ||
|---|---|---|---|
| 005 | 20251117095354.0 | ||
| 008 | 251117b |||||||| |||| 00| 0 eng d | ||
| 020 |
_a9780192880192 _qpbk |
||
| 082 |
_a306.709 _bNYE |
||
| 100 | _aNye, Robert A | ||
| 245 |
_aSexuality _c/ed by Robert A Nye |
||
| 260 |
_aOxford _bOxford University Press _c1999 |
||
| 300 | _a503 p | ||
| 504 | _aBib and Ref | ||
| 650 | _aSocial Science | ||
| 942 | _cENGLISH | ||
| 999 |
_c597866 _d597866 |
||